书目信息 |
| 题名: |
固体理论导论
|
|
| 作者: | 唐景昌 , 徐伦彪 编著 | |
| 分册: | ||
| 出版信息: | 杭州 浙江大学出版社 1997.06 |
|
| 页数: | 310页 | |
| 开本: | 16开 | |
| 丛书名: | ||
| 单 册: | ||
| 中图分类: | O481 | |
| 科图分类: | ||
| 主题词: | 固体物理学 | |
| 电子资源: | ||
| ISBN: | 7-308-01928-4 | |
| 000 | 00591nam0 2200205 45 | |
| 001 | 0010061572 | |
| 005 | 20001006154510.1 | |
| 010 | @a7-308-01928-4@d20.00元 | |
| 100 | @a20001006d1997 km y0chiy0120 ea | |
| 101 | 0 | @achi |
| 105 | @a z 000yy | |
| 200 | 1 | @a固体理论导论@AGu Ti Li Lun Dao Lun@f唐景昌,徐伦彪编著@FTang Jing Chang,Xu Lun Biao Bian Zhu |
| 210 | @a杭州@c浙江大学出版社@d1997.06 | |
| 215 | @a310页@d16开 | |
| 606 | 0 | @a固体物理学 |
| 690 | @aO481@v3 | |
| 701 | 0 | @a唐景昌@4编著 |
| 701 | 0 | @a徐伦彪@4编著 |
| 801 | @aCN@bPftUser@c20001006 | |
| 905 | @b168245-249@dO481@eT113@f5 | |
| 固体理论导论/唐景昌,徐伦彪编著.-杭州:浙江大学出版社,1997.06 |
| 310页;16开 |
| ISBN 7-308-01928-4:20.00元 |
| ● |
| 相关链接 |
|
|
|
正题名:固体理论导论
索取号:O481/T113
 
预约/预借
| 序号 | 登录号 | 条形码 | 馆藏地/架位号 | 状态 | 备注 |
| 1 | 168245 | 201682456 | 自科库401/401自科库 59排2列5层/ [索取号:O481/T113] | 在馆 | |
| 2 | 168246 | 201682465 | 自科库401/401自科库 59排5列3层/ [索取号:O481/T113] | 在馆 | |
| 3 | 168247 | 201682474 | 自科库401/401自科库 59排2列5层/ [索取号:O481/T113] | 在馆 | |
| 4 | 168248 | 201682483 | 自科库401/401自科库 59排2列5层/ [索取号:O481/T113] | 在馆 | |
| 5 | 168249 | 201682492 | 自科库401/401自科库 59排2列5层/ [索取号:O481/T113] | 在馆 |